Doing psychotherapy effectively /

Bibliographic Details
Main Author: Weissmark, Mona Sue
Corporate Author: NetLibrary, Inc
Other Authors: Giacomo, Daniel A.
Format: eBook
Language:English
Published: Chicago, Ill. : University of Chicago Press, [1998]
Subjects:
Online Access:Connect to the full text of this electronic book

MARC

Tag First Indicator Second Indicator Subfields
LEADER 00000cam a2200000La 4500
001 in00001753691
005 20220105121052.0
006 m u
007 cr cn-
008 000808s1998 ilu sb 001 0 eng d
010 |z  97025027  
020 |a 0226891690 (electronic bk.) :  |c $21.00 
020 |z 0226891674 (alk. paper) 
035 |a (OCoLC)ocm44960074 
040 |a N$T  |c N$T  |d OCL  |d UtOrBLW 
049 |a IKMN 
050 1 4 |a RC437.5  |b .W46 1998eb 
082 0 4 |a 616.89/14  |2 21 
100 1 |a Weissmark, Mona Sue.  |0 http://id.loc.gov/authorities/names/n97059205 
245 1 0 |a Doing psychotherapy effectively /  |c Mona Sue Weissmark & Daniel A. Giacomo. 
264 1 |a Chicago, Ill. :  |b University of Chicago Press,  |c [1998] 
264 4 |c ©1998 
300 |a x, 177 pages ;  |c 24 cm. 
336 |a text  |b txt  |2 rdacontent 
337 |a computer  |b c  |2 rdamedia 
338 |a online resource  |b cr  |2 rdacarrier 
504 |a Includes bibliographical references (pages 159-170) and index. 
533 |a Electronic reproduction.  |b Boulder, Colo. :  |c NetLibrary,  |d 2000.  |n Available via the World Wide Web.  |n Available in multiple electronic file formats.  |n Access may be limited to NetLibrary affiliated libraries. 
500 |a Electronic resource. 
650 0 |a Psychotherapy  |x Philosophy.  |0 http://id.loc.gov/authorities/subjects/sh2008110170 
650 0 |a Psychotherapy  |x Evaluation.  |0 http://id.loc.gov/authorities/subjects/sh98003133 
650 0 |a Psychotherapist and patient.  |0 http://id.loc.gov/authorities/subjects/sh85108509 
650 0 |a Similarity judgment.  |0 http://id.loc.gov/authorities/subjects/sh85122727 
650 1 2 |a Psychotherapy.  |0 https://id.nlm.nih.gov/mesh/D011613 
650 2 2 |a Treatment Outcome.  |0 https://id.nlm.nih.gov/mesh/D016896 
650 4 |a Similarity judgment. 
650 4 |a Psychotherapy  |x Philosophy. 
650 4 |a Psychotherapy  |x Evaluation. 
650 4 |a Psychotherapist and patient. 
655 7 |a Electronic books.  |2 local 
700 1 |a Giacomo, Daniel A.  |0 http://id.loc.gov/authorities/names/n97059206 
710 2 |a NetLibrary, Inc.  |0 http://id.loc.gov/authorities/names/no99080690 
776 1 |c Original  |w (DLC) 97025027  |w (OCoLC)37132515 
856 4 1 |u https://proxy.library.tamu.edu/login?url=http://www.netLibrary.com/urlapi.asp?action=summary&v=1&bookid=35187  |z Connect to the full text of this electronic book  |t 0 
994 |a 92  |b IKM 
999 |a MARS 
999 f f |s 8b4d8a3c-3ca0-34cb-be50-87187618f2d1  |i 326b0fb3-07af-3238-838a-2d4e31f60095  |t 0 
952 f f |a Texas A&M University  |b College Station  |c Electronic Resources  |d Available Online  |t 0  |e RC437.5 .W46 1998eb  |h Library of Congress classification 
998 f f |a RC437.5 .W46 1998eb  |t 0  |l Available Online